[Event "Warsaw Legion op"]
[Site "Warsaw"]
[Date "1991.??.??"]
[Round "5"]
[White "Kaminski, Marcin"]
[Black "Nikolaev, Sergej"]
[Result "1/2-1/2"]
[WhiteElo "2305"]
[BlackElo "2450"]

1.e4 c5 2.Nf3 e6 3.d4 cxd4 4.Nxd4 Nc6 5.Nc3 d6 6.g3 Nf6 7.Bg2 Bd7 8.O-O Be7
9.a4 O-O 10.Nb3 Rc8 11.f4 Na5 12.Nxa5 Qxa5 13.Kh1 Bc6 14.Qe2 d5 15.e5 Nd7
16.Be3 Qb4 17.Qd2 Bc5 18.Bxc5 Nxc5 19.b3 Rfd8 20.Ne4  1/2-1/2

[Event "Warsaw Legion op"]
[Site "Warsaw"]
[Date "1991.??.??"]
[Round "6"]
[White "Kupreichik, Viktor D"]
[Black "Kveinys, Aloyzas"]
[Result "1-0"]
[WhiteElo "2460"]
[BlackElo "2435"]

1.e4 c5 2.Nf3 e6 3.Nc3 Nc6 4.d4 cxd4 5.Nxd4 a6 6.Be2 Nge7 7.Bg5 Qa5 8.Bf4 Nxd4
9.Qxd4 Nc6 10.Qd3 Ne5 11.Qg3 d6 12.O-O Bd7 13.Rad1 Rc8 14.Kh1 Qb6 15.Bxe5 dxe5
16.f4 Qxb2 17.fxe5 Qxc3 18.Qf4 f6 19.exf6 gxf6 20.Bh5+ Kd8 21.Rd3 Qe5 22.Qd2 Rc7
23.Rd1 Qb5 24.e5 Be7 25.c4 Qa4 26.exf6 Bxf6 27.Qh6 Bb2 28.Qxe6 Kc8 29.Qb6 Ba3
30.Qa7 Rxc4 31.Qa8+ Kc7 32.Qxh8 Bc8 33.Rb3 Kb8 34.Bf3 Rc7 35.Qe5 Bc5 36.Rd8 Bb4
37.Qd4 Qb5 38.h4 a5 39.a3 Bd6 40.Qxd6 Qxb3 41.Bg4  1-0

[Event "Wch U18"]
[Site "?"]
[Date "1991.??.??"]
[Round "?"]
[White "Al Modiahki, Mohamad"]
[Black "Polgar, Sofia"]
[Result "0-1"]
[WhiteElo "2275"]
[BlackElo "2425"]

1.e4 c5 2.Nf3 Nc6 3.Nc3 e6 4.d4 cxd4 5.Nxd4 Qc7 6.g3 a6 7.Bg2 d6 8.O-O Bd7
9.Re1 Be7 10.Nxc6 Bxc6 11.Be3 b5 12.a3 Nf6 13.f4 O-O 14.g4 Qb7 15.Bd4 Nd7
16.Qd2 a5 17.Bf2 Nb6 18.b3 d5 19.exd5 Nxd5 20.Nxd5 Bxd5 21.Bxd5 exd5 22.Bd4 Qd7
23.f5 Rfe8 24.Re2 Bh4 25.Rxe8+ Rxe8 26.Bf2 Bxf2+ 27.Qxf2 Re4 28.h3 Qe7 29.Kf1 h5
30.Re1 Qxa3 31.Qd2 a4  0-1

[Event "Zalaegerszeg"]
[Site "Zalaegerszeg"]
[Date "1991.??.??"]
[Round "2"]
[White "Gazik, Igor"]
[Black "Horvath, Jozsef"]
[Result "1-0"]
[WhiteElo "2455"]
[BlackElo "2515"]

1.e4 c5 2.Nf3 e6 3.d4 cxd4 4.Nxd4 Nc6 5.Nc3 Qc7 6.Be2 a6 7.O-O Nf6 8.Kh1 d6
9.f4 Be7 10.Be3 O-O 11.Qe1 Nxd4 12.Bxd4 b5 13.a3 Bb7 14.Qg3 Bc6 15.Rad1 Qb7
16.Bf3 Rad8 17.Rd3 a5 18.e5 dxe5 19.fxe5 Ne4 20.Qg4 Nxc3 21.Bxc6 Qxc6 22.Rxc3 Qd5
23.Bb6 Ra8 24.Bc7 b4 25.axb4 axb4 26.Rc4 Rfc8 27.Rd1 h5 28.Qe2 Qb5 29.Qd3 Ra7
30.Bb6 Qxc4 31.Bxa7 Qxc2 32.Qxc2 Rxc2 33.Bd4 Bc5 34.Bxc5 Rxc5  1-0

[Event "BRA-ch"]
[Site "Curitiba"]
[Date "1992.12.??"]
[Round "9"]
[White "Matsuura, Everaldo"]
[Black "Disconzi da Silva, Rodrigo"]
[Result "1/2-1/2"]
[WhiteElo "2350"]
[BlackElo "2280"]

1.e4 c5 2.Nf3 e6 3.d4 cxd4 4.Nxd4 Nc6 5.Nc3 a6 6.Be2 Qc7 7.O-O Nf6 8.Be3 Be7
9.f4 d6 10.Qe1 O-O 11.Qg3 Nxd4 12.Bxd4 b5 13.a3 Bb7 14.Bf3 Rad8 15.Kh1 Bc6
16.Rae1 a5 17.e5 dxe5 18.Bxe5 Qb7 19.Bxc6 Qxc6 20.Ne4 Nh5 21.Qf3 Rd5 22.Qxh5 f6
23.c4 Qxc4 24.Qg4 fxe5 25.Qxe6+ Rf7 26.b3 Qxb3 27.Ng5 Rd3 28.Qxf7+ Qxf7 29.Nxf7 Kxf7
30.Rxe5 Rb3 31.Rc1 Bxa3 32.Rc7+ Kf6 33.Rc6+ Kf7 34.Rc7+ Kf6 35.Rc6+ Kf7 36.Rc7+  1/2-1/2

[Event "Altensteig"]
[Site "Altensteig"]
[Date "1992.??.??"]
[Round "1"]
[White "Luther, Thomas"]
[Black "Vogt, Lothar"]
[Result "1/2-1/2"]
[WhiteElo "2435"]
[BlackElo "2530"]

1.e4 c5 2.Nf3 e6 3.d4 cxd4 4.Nxd4 Nc6 5.Nc3 d6 6.g4 Nge7 7.Be3 a6 8.Qe2 Nxd4
9.Bxd4 Nc6 10.Be3 Be7 11.O-O-O b5 12.f4 Qa5 13.Qf2 Rb8 14.Kb1 O-O 15.g5 Bd7
16.h4 Rfc8 17.h5 Nb4 18.Bd2 Qb6  1/2-1/2

[Event "Simferopol/Alushta"]
[Site "Alushta"]
[Date "1992.??.??"]
[Round "?"]
[White "Kuzmin, Gennadi P"]
[Black "Frolov, Artur"]
[Result "1-0"]
[WhiteElo "2530"]
[BlackElo "2510"]

1.e4 c5 2.Nf3 e6 3.d4 cxd4 4.Nxd4 Nc6 5.Nc3 d6 6.g3 a6 7.Bg2 Nxd4 8.Qxd4 Ne7
9.Be3 Nc6 10.Qb6 Qxb6 11.Bxb6 Bd7 12.O-O-O Rc8 13.f4 Rg8 14.h4 g6 15.Rd2 h6
16.Bf3 Be7 17.a3 g5 18.hxg5 hxg5 19.Rh7 Kf8 20.Bh5 Rg7 21.Rh8+ Rg8 22.Rxg8+ Kxg8
23.Bc5 dxc5 24.Rxd7 gxf4 25.gxf4 b5 26.e5 b4 27.Ne4 Kf8 28.Bxf7 bxa3 29.bxa3 Nd4
30.Bh5 Nf5 31.Bg4 c4 32.Bxf5 Bxa3+ 33.Kd2 exf5 34.Ng3 Ke8 35.Rb7 Rd8+ 36.Kc3 Rd7
37.Rb8+ Kf7 38.Nxf5 Bc1 39.Nd4 Bd2+ 40.Kxc4 Rc7+ 41.Kd5 Bxf4 42.Ra8 Be3 43.Nf5 Rd7+
44.Nd6+ Kg7 45.e6 Ra7 46.Rxa7+  1-0

[Event "Simferopol/Alushta"]
[Site "Alushta"]
[Date "1992.??.??"]
[Round "?"]
[White "Yilmaz, Turham"]
[Black "Milov, Leonid"]
[Result "1-0"]
[WhiteElo "2385"]
[BlackElo "2400"]

1.e4 c5 2.Nf3 e6 3.d4 cxd4 4.Nxd4 Nc6 5.Nc3 a6 6.Nxc6 bxc6 7.Bd3 d6 8.O-O Nf6
9.Qe2 Nd7 10.f4 Qc7 11.Na4 Be7 12.c4 c5 13.b3 Bb7 14.Bb2 O-O 15.Rad1 Bc6
16.e5 g6 17.Be4 Bxe4 18.Qxe4 Rad8 19.Rd3 dxe5 20.fxe5 Nb8 21.Rh3 Bg5 22.Qg4 h6
23.Rhf3 Bd2 24.Qg3 Rd7 25.Ba3 Bb4 26.Bc1 Bd2 27.Bxd2 Rxd2 28.Qf4 Rc2 29.Qxh6 Qxe5
30.Rg3 Qd4+ 31.Kh1 Nd7 32.h4 Qg7 33.Qe3 Qd4 34.Qf3 Qxh4+ 35.Rh3 Qd4 36.a3 Kg7
37.Nc3 Nf6 38.Ne2 Qe5 39.Nf4 Qf5 40.Qd1  1-0

[Event "Alushta"]
[Site "Alushta"]
[Date "1992.??.??"]
[Round "1"]
[White "Frolov, Artur"]
[Black "Saltaev, Mihail"]
[Result "0-1"]
[WhiteElo "2510"]
[BlackElo "2465"]

1.e4 c5 2.Nf3 e6 3.d4 cxd4 4.Nxd4 Nc6 5.Nc3 d6 6.Be3 Nf6 7.Bc4 Be7 8.Qe2 O-O
9.O-O-O Bd7 10.Rhg1 Rc8 11.Bb3 Na5 12.f3 Nxb3+ 13.axb3 Qa5 14.Kb1 e5 15.Ndb5 Rc6
16.Na3 Rfc8 17.Nc4 Qa6 18.Bg5 Be6 19.Ne3 Qxe2 20.Nxe2 Ng4 21.Bxe7 Nxe3 22.Rd3 Nxc2
23.Rc1 f6 24.Rxd6 Bxb3 25.Nc3 Nd4 26.Rxc6 Rxc6 27.Nd5 Ba2+ 28.Kxa2 Rxc1  0-1

[Event "Alushta"]
[Site "Alushta"]
[Date "1992.??.??"]
[Round "5"]
[White "Yilmaz, Turham"]
[Black "Milov, Leonid"]
[Result "1-0"]
[WhiteElo "2385"]
[BlackElo "2400"]

1.e4 c5 2.Nf3 e6 3.d4 cxd4 4.Nxd4 Nc6 5.Nc3 a6 6.Nxc6 bxc6 7.Bd3 d6 8.O-O Nf6
9.Na4 Nd7 10.c4 g6 11.Bc2 c5 12.f4 Qe7 13.Be3 Bb7 14.Qe2 f5 15.Bd2 Bg7 16.Rae1 Bd4+
17.Kh1 Rg8 18.Nc3 Nf6 19.exf5 gxf5 20.Rf3 Rg7 21.Rg3 Ng4 22.Nd1 Rf7 23.Qxe6 Qxe6
24.Rxe6+ Kd7 25.Re2 Rg8 26.Bc3 h5 27.Bxd4 cxd4 28.Kg1 Kc6 29.b4 a5 30.a3 Kc7
31.h3 h4 32.Rd3 Ne3 33.Nxe3 dxe3 34.Rdxe3 axb4 35.axb4 Kb6 36.Re6 Rfg7 37.Rxd6+ Ka7
38.Rdd2  1-0

[Event "Alushta"]
[Site "Alushta"]
[Date "1992.??.??"]
[Round "11"]
[White "Saltaev, Mihail"]
[Black "Milov, Leonid"]
[Result "1/2-1/2"]
[WhiteElo "2465"]
[BlackElo "2400"]

1.e4 c5 2.Nf3 e6 3.d4 cxd4 4.Nxd4 Nc6 5.Nc3 a6 6.Be3 Nf6 7.Bd3 d5 8.exd5 exd5
9.Qe2 Be7 10.Nxc6 bxc6 11.Bc5 Be6 12.Bxe7 Qxe7 13.O-O O-O 14.Na4 Qb4 15.b3 Rfe8
16.Qe3 Ng4 17.Qg3 a5 18.c3  1/2-1/2

[Event "Wch U26 (Women)"]
[Site "Antwerp"]
[Date "1992.??.??"]
[Round "1"]
[White "Koglin, Anke"]
[Black "Stoianova, R."]
[Result "0-1"]
[WhiteElo "2125"]
[BlackElo "2045"]

1.e4 c5 2.Nf3 Nc6 3.d4 cxd4 4.Nxd4 e6 5.Nc3 a6 6.Be2 d6 7.Be3 Nf6 8.Qd2 Be7
9.f4 Qc7 10.O-O-O Na5 11.g4 Nc4 12.Bxc4 Qxc4 13.g5 Nd7 14.Nb3 b5 15.Qg2 b4
16.Rd4 Qc6 17.Rxb4 a5 18.Ra4 Qc7 19.Nb5 Qc6 20.Nc3 Qc7 21.Rd1 Bb7 22.Nb5 Qc6
23.Qe2 Nb6 24.Rxa5 Nc4 25.Rxa8+ Bxa8 26.N3d4 Qxe4 27.Nc7+ Kd7 28.Qxc4 Qxe3+
29.Kb1 Rc8 30.Ndb5 Bf3 31.Rc1 Bd8 32.Qa4 Bc6 33.Nxe6 fxe6 34.Qb4 Be7 35.Rd1 d5
36.Qb3 Qxb3  0-1

[Event "Wch U26"]
[Site "Antwerp"]
[Date "1992.??.??"]
[Round "1"]
[White "Gdanski, Jacek"]
[Black "Adler, Joel"]
[Result "1-0"]
[WhiteElo "2500"]
[BlackElo "2315"]

1.e4 c5 2.Nf3 Nc6 3.Nc3 e6 4.d4 cxd4 5.Nxd4 Qc7 6.g3 a6 7.Bg2 Nf6 8.O-O Nxd4
9.Qxd4 Bc5 10.Bf4 d6 11.Qd2 h6 12.Rad1 e5 13.Be3 Ke7 14.Bxc5 Qxc5 15.Na4 Qc6
16.f4 a5 17.fxe5 dxe5 18.Nc3 Be6 19.Nd5+ Bxd5 20.exd5 Qd6 21.Rf5 Rhe8 22.c4 Kf8
23.Rdf1 b6 24.b3 Ra7 25.Rxf6 gxf6 26.Qxh6+ Ke7 27.Be4 Raa8 28.Kg2 Rh8 29.Qe3 Rac8
30.Bf5 Rc7 31.Qf3 a4 32.h4 axb3 33.axb3 Ra7 34.Rf2 Raa8 35.Be4 Rac8 36.h5 Rcg8
37.b4 Rc8 38.Bd3 Rh6 39.Qg4 Rch8 40.Ra2 Qxb4 41.Bg6 Rd8 42.Bxf7  1-0

[Event "Wch U26 (Women)"]
[Site "Antwerp"]
[Date "1992.??.??"]
[Round "4"]
[White "Vilar Lopez, Monica"]
[Black "Stoianova, R."]
[Result "0-1"]
[WhiteElo "2210"]
[BlackElo "2045"]

1.e4 c5 2.Nf3 Nc6 3.d4 cxd4 4.Nxd4 e6 5.Nc3 d6 6.Be2 Nf6 7.Be3 Be7 8.O-O O-O
9.f4 a6 10.a4 Bd7 11.Nb3 Na5 12.e5 Ne8 13.Bd3 g6 14.Rf3 Nxb3 15.cxb3 d5 16.Ne2 Rc8
17.Nd4 Ng7 18.Rh3 Bc5 19.Qf3 Qb6 20.Qf2 Nf5 21.a5 Qb4 22.Bxf5 exf5 23.Rh6 f6
24.Rd1 fxe5 25.Qh4 exd4 26.Rxh7 dxe3 27.Kh1 e2 28.Rg1 Qd4  0-1

[Event "Aruba"]
[Site "Aruba"]
[Date "1992.??.??"]
[Round "2"]
[White "Sax, Gyula"]
[Black "Polgar, Sofia"]
[Result "1-0"]
[WhiteElo "2600"]
[BlackElo "2415"]

1.e4 c5 2.Nf3 e6 3.d4 cxd4 4.Nxd4 Nc6 5.Nc3 Qc7 6.f4 a6 7.Nf3 Bc5 8.Bd3 b5
9.Qe2 Nd4 10.Nxd4 Bxd4 11.Nd1 Bb7 12.c3 Bc5 13.b4 Be7 14.O-O Nf6 15.e5 Nd5
16.Bd2 O-O 17.a4 Bc6 18.Nf2 Qb7 19.f5 exf5 20.Bxf5 g6 21.axb5 axb5 22.Rxa8 Rxa8
23.Bb1 f5 24.exf6 Bxf6 25.Ng4 Bg7 26.Nh6+ Kh8 27.Nf7+ Kg8 28.Nh6+ Kh8 29.Rf7 Nf6
30.Rxg7 Qa7+ 31.Kh1 Qa1 32.Qe1 Be4 33.Rf7 Qb2 34.Rxf6 Ra1 35.Rf8+ Kg7 36.Rg8+ Kf6
37.Qh4+ Ke6 38.Qxe4+ Kf6 39.Rf8+  1-0

[Event "Donau op"]
[Site "Aschach"]
[Date "1992.??.??"]
[Round "5"]
[White "Robovic, Saudin"]
[Black "Sommerbauer, Norbert"]
[Result "1-0"]
[WhiteElo "2365"]
[BlackElo "2305"]

1.e4 c5 2.Nf3 e6 3.d4 cxd4 4.Nxd4 Nc6 5.Nc3 Qc7 6.g3 a6 7.Bg2 Nf6 8.O-O Be7
9.Re1 d6 10.Nxc6 bxc6 11.Na4 O-O 12.c4 Bb7 13.c5 d5 14.Bf4 e5 15.Bxe5 Qxe5
16.exd5 Qc7 17.d6 Bxd6 18.cxd6 Qa5 19.Rc1 Rab8 20.Rc5 Qd8 21.Bxc6 Ne8 22.Bxb7 Rxb7
23.Rc6 Rd7 24.Rxa6 Rxd6 25.Rxd6 Nxd6 26.Qd5 Qb8 27.Rd1 Ne8 28.b3 Nf6 29.Qd6 Qa8
30.Nc3 h5 31.a4 Re8 32.Qd3 Kh8 33.b4 h4 34.gxh4 Qc8 35.b5 Qg4+ 36.Qg3 Qb4
37.Rb1 Qd4 38.Rd1 Qb4 39.Rb1 Qd4 40.b6 Ne4 41.Nxe4 Qxe4 42.Rb3 Qc6 43.Re3 Rd8
44.Qf3 Qg6+ 45.Kf1 Qb1+ 46.Kg2 Qxb6 47.Qxf7 Qc6+ 48.Qf3 Qxa4 49.h5 Qb5 50.h3 Qd5
51.Re8+ Kh7 52.Rxd8 Qxd8 53.Qe4+ Kh8 54.h4 Qf8 55.Qe5 Kh7 56.Qe4+ Kh8 57.Qe5 Kh7
58.Kg3 Qf7 59.Qe4+ Kh8 60.Qa8+ Kh7 61.Qe4+ Kh8 62.Qe5 Kh7 63.f3 Qa7 64.Qe4+ Kh8
65.Kg2 Qa2+ 66.Kg3 Qa7 67.Kg2 Qa2+ 68.Kh3 Qd2 69.Kg4 Qd7+ 70.Kg3 Qd2 71.Qe5 Kh7
72.Qe4+ Kh8 73.Kg4 Qd7+ 74.Kg5 Qd8+ 75.Kf5 Qf8+ 76.Kg4 Qc8+ 77.Qf5 Qc4+ 78.Kg5 Qc1+
79.Qf4 Qc5+ 80.Kg4 Qc8+ 81.Kg3 Qe8 82.h6 Qg6+ 83.Kh3 Qe6+ 84.Kh2 gxh6 85.Qd4+ Kg8
86.Qg4+ Kf7 87.Qxe6+ Kxe6 88.Kg3  1-0

[Event "Asuncion"]
[Site "Asuncion"]
[Date "1992.??.??"]
[Round "1"]
[White "Playa, Marcelo"]
[Black "Valiente, Cristobal"]
[Result "1-0"]
[WhiteElo "2390"]
[BlackElo "2345"]

1.e4 c5 2.Nf3 Nc6 3.d4 cxd4 4.Nxd4 e6 5.Nc3 Qc7 6.g3 a6 7.Bg2 Nf6 8.O-O h6
9.b3 Be7 10.Bb2 O-O 11.Nce2 d6 12.c4 Bd7 13.h3 Rac8 14.Rc1 Qb8 15.f4 Rfd8
16.g4 b5 17.g5 hxg5 18.fxg5 Nh7 19.Nxc6 Bxc6 20.h4 bxc4 21.Qd4 e5 22.Qxc4 Be8
23.Qd5 Nf8 24.Ng3 Ng6 25.Nf5 Bf8 26.Rxc8 Rxc8 27.h5 Nf4 28.Rxf4 exf4 29.h6 Rc7
30.hxg7 Bxg7 31.Bxg7 Qb4 32.Qd3 Qe1+ 33.Kh2 Rc1 34.Bd4 f6 35.Qh3 Bg6 36.gxf6 Bxf5
37.exf5 Qg3+ 38.Qxg3+ fxg3+ 39.Kxg3 a5 40.Bd5+ Kf8 41.Be3  1-0

[Event "Akropolis op"]
[Site "Athens"]
[Date "1992.??.??"]
[Round "2"]
[White "Joksimovic, Slobodan"]
[Black "Martidis, Alkis"]
[Result "1-0"]
[WhiteElo "2260"]
[BlackElo "2305"]

1.e4 c5 2.Nf3 e6 3.Nc3 Nc6 4.d4 cxd4 5.Nxd4 Qc7 6.g3 a6 7.Bg2 d6 8.O-O Bd7
9.h3 Nf6 10.Kh2 Be7 11.f4 O-O 12.Nce2 Rac8 13.c3 Rfd8 14.Be3 Bf8 15.Qd2 e5
16.Nc2 Na5 17.Nb4 Nc4 18.Qc1 a5 19.Nd5 Nxd5 20.exd5 g6 21.fxe5 Nxe3 22.Qxe3 dxe5
23.Rad1 Bb5 24.Rfe1 Bd6 25.Ng1 e4 26.Bxe4 Re8 27.Qf3 h5 28.Kg2 Re5 29.Bd3 Rxd5
30.Bxg6 Bc6 31.Rxd5 fxg6 32.c4 Rf8 33.Qe4 Kg7 34.Qd4+ Kh7 35.Nf3 Bxd5 36.Qxd5 Rf5
37.Qe4 Bxg3 38.Qe7+ Kh6 39.Re4 Qb8 40.Rd4 Bf2 41.Kxf2 Qh2+ 42.Ke3 Qxb2 43.Qd8 Qa3+
44.Rd3 Qc5+ 45.Qd4 Qf8 46.Ke2 Rf4 47.Qe3 g5 48.h4  1-0

[Event "Auckland"]
[Site "Auckland"]
[Date "1992.??.??"]
[Round "1"]
[White "Garbett, Paul Anthony"]
[Black "Small, Vernon A"]
[Result "1/2-1/2"]
[WhiteElo "2305"]
[BlackElo "2390"]

1.e4 c5 2.Nf3 e6 3.d4 cxd4 4.Nxd4 Nc6 5.Nc3 a6 6.Be3 Nf6 7.Bd3 Qc7 8.O-O Ne5
9.h3 b5 10.f4 Nc4 11.Bxc4 Qxc4 12.e5 Nd5 13.Nxd5 Qxd5  1/2-1/2

[Event "AUT-chT"]
[Site "AUT"]
[Date "1992.??.??"]
[Round "?"]
[White "Brestian, Egon"]
[Black "Fauland, Alexander"]
[Result "1-0"]
[WhiteElo "2470"]
[BlackElo "2440"]

1.Nf3 c5 2.e4 Nc6 3.Nc3 e6 4.d4 cxd4 5.Nxd4 Qc7 6.Be2 a6 7.O-O Nf6 8.Nxc6 bxc6
9.f4 d5 10.e5 Nd7 11.Na4 Be7 12.c4 O-O 13.Be3 a5 14.Rc1 Qb8 15.Bd3 Rd8 16.cxd5 cxd5
17.Qe2 Bb7 18.Bb5 Nf8 19.Bd4 Ng6 20.Nb6 Ra7 21.a4 Ba8 22.Qc2 Bf8 23.f5 Nxe5
24.Qe2 Bd6 25.fxe6 Re7 26.Nxa8 Rxe6 27.Nb6 Nc6 28.Be3 Nd4 29.Qf2 Rf6 30.Qh4 Rxf1+
31.Rxf1 Nxb5 32.axb5 Bc7 33.Na4 Qxb5 34.Qe7 Qe8 35.Qxe8+ Rxe8 36.Bf2 f6 37.Rd1 Rd8
38.Nc3 Be5 39.Bd4 Bd6 40.Bb6 Rb8 41.Bxa5 Rxb2 42.Nxd5 Kf7 43.Bc3 Rc2 44.Bd4 Ke6
45.Ne3 Ra2 46.Nf1 Ra4 47.Be3 Be5 48.Rb1 Kf5 49.Rb7 Kg6 50.Kf2 Ra2+ 51.Kf3 Ra1
52.Ng3 Ra3 53.Nf1 Rc3 54.Ke2 Ra3 55.h3 Ra2+ 56.Kf3 Ra3 57.Nd2 Rc3 58.Ne4 Ra3
59.Ra7 Rxa7 60.Bxa7 f5 61.Nf2 Kf7 62.Nd3 Bc7 63.Be3 Ke6 64.Nf4+ Kf7 65.Nd5 Bd6
66.Nb6 Ke6 67.Nc4 Be7 68.Nb2 Bd6 69.Nd3 Bc7 70.Bd4 g6 71.Be3 Bd6 72.Ne1 Bb4
73.Nc2 Bd6 74.Bf4 Bc5 75.Ke2 Be7 76.Nd4+ Kd5 77.Kd3 Bf6 78.Nf3 Bg7 79.h4 h6
80.Bd2 Bf8 81.Nd4 Ke5 82.Ne2 Kf6 83.Kd4 Kf7 84.Kd5 Be7 85.g3 Bf8 86.Nd4 h5
87.Nf3  1-0

[Event "AUT-chT"]
[Site "AUT"]
[Date "1992.??.??"]
[Round "?"]
[White "Schumi, Manfred"]
[Black "Niedermayr, Horst"]
[Result "0-1"]
[WhiteElo "2245"]
[BlackElo "2225"]

1.e4 c5 2.Nf3 Nc6 3.d4 cxd4 4.Nxd4 e6 5.Nc3 Qc7 6.g3 a6 7.Bg2 Nf6 8.O-O Nxd4
9.Qxd4 Bc5 10.Bf4 d6 11.Qd3 e5 12.Bg5 Be6 13.Bxf6 gxf6 14.Nd5 Bxd5 15.Qxd5 h5
16.c3 h4 17.b4 Ba7 18.Rfd1 hxg3 19.hxg3 Ke7 20.Rd3 Qb6 21.Rf3 Rac8 22.Qd2 Qc6
23.Rd1 Rcd8 24.Rd3 Qd7 25.Qe2 Qb5 26.Qf3 Rh6 27.R1d2 Qc4 28.Rd5 Bb6 29.a4 Ba7
30.a5 Rd7 31.R2d3 Qa2 32.Rd2 Qc4 33.R2d3 Qa2 34.Rd2 Qc4 35.Qg4 Qxc3 36.Bh3 Rd8
37.Rxd6 Rxd6 38.Rxd6 Qe1+  0-1

[Event "Bad Ragaz op"]
[Site "Bad Ragaz"]
[Date "1992.??.??"]
[Round "6"]
[White "Martinidesz, Denes"]
[Black "Kaeding, Rainer"]
[Result "0-1"]
[WhiteElo "2215"]
[BlackElo "2305"]

1.e4 c5 2.Nf3 e6 3.d4 cxd4 4.Nxd4 Nc6 5.Nc3 Qc7 6.g3 a6 7.Bg2 d6 8.O-O Bd7
9.a4 Nf6 10.Kh1 Be7 11.Nb3 b6 12.f4 Rb8 13.Qe2 Bc8 14.Qc4 O-O 15.Nd4 Bb7
16.f5 e5 17.Nd5 Nxd5 18.exd5 exd4 19.dxc6 Rfc8 20.Qxd4 Bf6 21.Qd5 Bxc6 22.Qxc6 Qxc6
23.Bxc6 Rxc6 24.c3 b5 25.axb5 Rxb5 26.Rf2 Kf8 27.Be3 Ke7 28.Kg2 a5 29.Ra4 h6
30.c4 Rxb2 31.Rxb2 Bxb2 32.Bd2 Kf6 33.g4 h5 34.h3 hxg4 35.hxg4 d5 36.g5+ Kxf5
37.Rxa5 Rxc4 38.Rxd5+ Be5 39.Rd7 Rc7 40.Rd5 Ke4 41.Rd8 Bf4 42.g6 f6 43.Bxf4 Kxf4
44.Rd5 f5 45.Rd6 Kg5 46.Kf3 Rc3+ 47.Kg2 Rc8 48.Kg3 Rf8 49.Rd1 Rf6  0-1

[Event "Bad Woerishofen op"]
[Site "Bad Woerishofen"]
[Date "1992.??.??"]
[Round "3"]
[White "Holzke, Frank"]
[Black "Sokolov, Andrei"]
[Result "0-1"]
[WhiteElo "2395"]
[BlackElo "2565"]

1.e4 c5 2.Nf3 e6 3.d4 cxd4 4.Nxd4 Nc6 5.Nc3 d6 6.g3 Nf6 7.Bg2 Bd7 8.O-O Be7
9.Nxc6 Bxc6 10.Be3 O-O 11.a4 Qa5 12.Qd2 Kh8 13.Rfe1 Rfd8 14.Nd5 Qxd2 15.Bxd2 Bf8
16.Nc7 Rab8 17.Nb5 a6 18.Nd4 Be8 19.Bc3 Nd7 20.Nb3 Rdc8 21.a5 Rc7 22.f4 Rbc8
23.Rad1 Kg8 24.Rd3 Nc5 25.Nxc5 Rxc5 26.f5 e5 27.f6 gxf6 28.Bh3 Rd8 29.Bf5 d5
30.exd5 Rcxd5 31.Rxd5 Rxd5 32.Be4 Bc5+ 33.Kg2 Rd7 34.g4 Bd4 35.h3 Bxc3 36.bxc3 Rc7
37.Rb1 Bb5 38.Rb3 Kg7 39.Kf2 h5 40.Bd5 hxg4 41.hxg4 Bc6 42.c4 Bxd5 43.cxd5 Rxc2+
44.Ke3 Rc5 45.Rd3 Kf8 46.d6 Ke8 47.Ke4 Rxa5 48.Kf5 e4+ 49.Kxe4 Kd7  0-1

[Event "Bad Woerishofen op"]
[Site "Bad Woerishofen"]
[Date "1992.??.??"]
[Round "3"]
[White "Tischbierek, Raj"]
[Black "Gabriel, Josef"]
[Result "1-0"]
[WhiteElo "2485"]
[BlackElo "2315"]

1.e4 c5 2.Nc3 Nc6 3.Nge2 e6 4.d4 cxd4 5.Nxd4 Qc7 6.Be2 a6 7.O-O Nge7 8.Ndb5 axb5
9.Nxb5 Qa5 10.Bd2 Qb6 11.Be3 Qa5 12.Nd6+ Kd8 13.Nc4 Qc7 14.Bb6 d5 15.exd5 exd5
16.Bxc7+ Kxc7 17.Na3 Be6 18.Nb5+ Kb6 19.a4 Nf5 20.Bg4 Rd8 21.c3 h5 22.Bxf5 Bxf5
23.b4 d4 24.Nxd4 Nxd4 25.cxd4 g6 26.a5+ Ka7 27.b5 Bg7 28.Qf3 Rxd4 29.a6 Re4
30.axb7+ Kxb7 31.Ra4 Re8 32.Rxe4  1-0

[Event "Wch Seniors"]
[Site "Bad Woerishofen"]
[Date "1992.??.??"]
[Round "4"]
[White "Unzicker, Wolfgang"]
[Black "Suetin, Alexey S"]
[Result "1/2-1/2"]
[WhiteElo "2460"]
[BlackElo "2405"]

1.e4 c5 2.Nf3 Nc6 3.d4 cxd4 4.Nxd4 e6 5.Nc3 a6 6.f4 Qc7 7.Be2 b5 8.Nxc6 Qxc6
9.Bf3 Bb7 10.Be3 Rc8 11.a3 Qc4 12.Be2 Qc7 13.O-O Nf6 14.e5 Nd5 15.Nxd5 Bxd5
16.Bf3 Bc5 17.Bxc5 Qxc5+ 18.Rf2 Bxf3 19.Qxf3 O-O 20.Rd1 Qa7 21.Kh1 f6 22.Rfd2 Rc7
23.exf6 Rxf6 24.Rd6 h6 25.c3 Rf7 26.g3 a5 27.Qe4 Rc4 28.R1d4 Qc7 29.Qd3 Rxd4
30.Qxd4 Qc4 31.Kg2  1/2-1/2

[Event "Wch Seniors"]
[Site "Bad Woerishofen"]
[Date "1992.??.??"]
[Round "6"]
[White "Unzicker, Wolfgang"]
[Black "Taimanov, Mark E"]
[Result "1/2-1/2"]
[WhiteElo "2460"]
[BlackElo "2505"]

1.e4 c5 2.Nf3 e6 3.d4 cxd4 4.Nxd4 Nc6 5.Nc3 a6 6.Be2 Nge7 7.Be3 Nxd4 8.Qxd4 b5
9.O-O Nc6 10.Qd2 Be7 11.Rad1 O-O 12.f4 d6 13.Qe1 Qc7 14.Qf2 Rb8 15.Rd2 Na5
16.Bd4 Nc6 17.Be3 Na5 18.Bd4 Nc6 19.Be3  1/2-1/2

[Event "Bad Woerishofen op"]
[Site "Bad Woerishofen"]
[Date "1992.??.??"]
[Round "9"]
[White "Klundt, Klaus"]
[Black "Sokolov, Andrei"]
[Result "0-1"]
[WhiteElo "2415"]
[BlackElo "2565"]

1.e4 c5 2.Nf3 e6 3.d4 cxd4 4.Nxd4 Nc6 5.Nc3 Qc7 6.g3 a6 7.Bg2 Nge7 8.Nb3 h5
9.Bf4 Ne5 10.Bxe5 Qxe5 11.f4 Qc7 12.Qd3 d6 13.O-O-O Nc6 14.Rhe1 Bd7 15.Kb1 O-O-O
16.Qe3 Na5 17.Nxa5 Qxa5 18.Rd3 Kb8 19.Red1 Be7 20.Ne2 Rc8 21.e5 d5 22.Nd4 g6
23.h3 Rc4 24.g4 hxg4 25.hxg4 Rhc8 26.f5 gxf5 27.gxf5 Bc5 28.c3 Ra4 29.a3 Bxa3
30.bxa3 Rxa3 31.Nc2 Raxc3 32.Rxc3 Rxc3 33.Rd3 Qb5+  0-1

[Event "Balatonbereny op"]
[Site "Balatonbereny"]
[Date "1992.??.??"]
[Round "3"]
[White "Milov, Leonid"]
[Black "Poluljahov, Aleksandr"]
[Result "1/2-1/2"]
[WhiteElo "2400"]
[BlackElo "2460"]

1.e4 c5 2.Nf3 e6 3.d4 cxd4 4.Nxd4 Nc6 5.Nc3 Qc7 6.f4 d6 7.Be2 Nf6 8.O-O Be7
9.Kh1 O-O 10.Be3 a6 11.Nxc6 bxc6 12.Bf3 Rb8 13.Na4 c5 14.c4 Bd7 15.Rf2 Bc6
16.Nc3 Rfd8 17.Rd2 Qb7 18.Qc2 Nd7 19.Rc1 Nf8 20.b3 Ng6 21.g3 Bf6 22.Rd3 a5
23.Bg2 a4 24.Nxa4 Bxe4 25.Bxe4 Qxe4+ 26.Kg1 Bd4 27.Qd2 Bxe3+ 28.Qxe3 Qxe3+
29.Rxe3 Ne7 30.Ree1 Nf5 31.Nc3 Nd4 32.Ne2 e5  1/2-1/2

[Event "Balatonbereny op"]
[Site "Balatonbereny"]
[Date "1992.??.??"]
[Round "4"]
[White "Hennigan, Michael"]
[Black "Tregubov, Pavel V"]
[Result "0-1"]
[WhiteElo "2400"]
[BlackElo "2440"]

1.e4 c5 2.Nf3 e6 3.d4 cxd4 4.Nxd4 Nc6 5.Nc3 Qc7 6.Be3 a6 7.Be2 Nf6 8.O-O Bb4
9.Na4 O-O 10.c4 Bd6 11.g3 Nxe4 12.Bf3 f5 13.Bxe4 fxe4 14.c5 Be5 15.Rc1 Nb4
16.Qg4 Bxd4 17.Bxd4 e5 18.Qxe4 exd4 19.Nb6 Rb8 20.Qxd4 Nc6 21.Qd5+ Kh8 22.Qd6 Qd8
23.Nd5 b5 24.cxb6 Bb7 25.Rcd1 Qg5 26.Rfe1 Rfe8 27.b4 Nd4  0-1

[Event "Balatonbereny op"]
[Site "Balatonbereny"]
[Date "1992.??.??"]
[Round "9"]
[White "Horvath, Csaba"]
[Black "Horvath, Jozsef"]
[Result "1/2-1/2"]
[WhiteElo "2515"]
[BlackElo "2505"]

1.e4 c5 2.Nf3 e6 3.Nc3 Nc6 4.d4 cxd4 5.Nxd4 Nf6 6.Ndb5 d6 7.Bf4 e5 8.Bg5 a6
9.Na3 b5 10.Bxf6 gxf6 11.Nd5 f5 12.c3 Bg7 13.exf5 Bxf5 14.Nc2 Be6 15.Nce3 Ne7
16.g3 Nxd5 17.Nxd5 O-O 18.Bg2 a5 19.O-O Rb8 20.Qd2  1/2-1/2

[Event "Bankia tt"]
[Site "Bankia"]
[Date "1992.??.??"]
[Round "4"]
[White "Antonov, Vladimir"]
[Black "Nikolov, Sasho"]
[Result "1-0"]
[WhiteElo "2395"]
[BlackElo "2345"]

1.e4 c5 2.Nf3 e6 3.d4 cxd4 4.Nxd4 Nc6 5.Nc3 Qc7 6.g3 a6 7.Bg2 Be7 8.O-O d6
9.Re1 Bd7 10.a4 Nf6 11.Nb3 b6 12.f4 Bc8 13.Kh1 O-O 14.Be3 Bb7 15.Qe2 Rfe8
16.Rad1 Bf8 17.Bf3 Nd7 18.Qf2 Rab8 19.g4 Nc5 20.Rg1 g6 21.Rg3 Bg7 22.Rh3 Nb4
23.a5 bxa5 24.Nxc5 dxc5 25.Bxc5 Qxf4 26.Bd6 Be5 27.Bxb8 Rxb8 28.Ne2 Qg5 29.c3 Nc2
30.Bg2 Rd8 31.Rxd8+ Qxd8 32.Ng1 Qd1 33.Qb6 Qd7 34.Qf2 Qd1 35.Qe2 Qxe2 36.Nxe2 Ne1
37.g5 a4 38.Kg1 Nxg2 39.Kxg2 Bxe4+ 40.Kf2 Bd6 41.Rh4 Bc6 42.Nd4 Bd7 43.Nc2 Kg7
44.Ke1 e5 45.Nb4 Be7 46.Re4 Bxg5 47.Rxe5 Bf4 48.Re2 Bb5 49.c4 Bd6 50.cxb5 Bxb4+
51.Kf1 axb5 52.Re5 Bd6 53.Rxb5 Bxh2 54.Ra5 h5 55.Rxa4 g5 56.b4 Kf6 57.b5 Ke6
58.b6 Kd6 59.Rc4 Kd5 60.Rc8 Ke4 61.Kg2 Bd6 62.Rd8 Bf4 63.b7 h4 64.b8=Q Bxb8
65.Rxb8 g4 66.Rh8 h3+ 67.Kg3 f5 68.Re8+ Kd3 69.Re5  1-0

[Event "Bankia op"]
[Site "Bankia"]
[Date "1992.??.??"]
[Round "8"]
[White "Janev, Evgeni"]
[Black "Nikolov, Sasho"]
[Result "0-1"]
[WhiteElo "2360"]
[BlackElo "2345"]

1.e4 c5 2.Nf3 e6 3.d4 cxd4 4.Nxd4 Nc6 5.Nc3 Qc7 6.Nb3 a6 7.g3 Nf6 8.Bg2 Be7
9.O-O O-O 10.a4 b6 11.f4 d6 12.g4 Bb7 13.g5 Nd7 14.f5 Rfe8 15.Be3 Nde5 16.Qe2 Bf8
17.Rad1 Rab8 18.Kh1 g6 19.Bf4 Rbd8 20.h4 Nb4 21.f6 h5 22.gxh6 Kh7 23.Nd4 Qc4
24.Bxe5 Qxe2 25.Ncxe2 dxe5 26.Nf3 Bxh6 27.Nxe5 Kg8 28.c3 Nc6 29.Nc4 Rxd1
30.Rxd1 b5 31.axb5 axb5 32.Nd6 Rd8 33.e5 Nxe5 34.Bxb7 Nc4 35.Bc6 Rxd6 36.Rxd6 Nxd6
37.Kg2 Be3 38.Kf3 Bb6 39.Kf4 Kh7 40.Nd4 b4 41.Nb5 bxc3 42.bxc3 Nc4 43.Be4 Be3+
44.Kf3 Bc5 45.Kf4 Kh6 46.Bc6 Kh5 47.Be8 Kxh4 48.Bxf7 g5+ 49.Ke4 g4 50.Bxe6 g3
51.Kf3 Ne5+ 52.Kg2 Nd3 53.Bd5 Nf4+ 54.Kf3 g2  0-1